<?xml version="1.0" encoding="UTF-8"?>
<record
    xmlns:xsi="http://www.w3.org/2001/XMLSchema-instance"
    xsi:schemaLocation="http://www.loc.gov/MARC21/slim http://www.loc.gov/standards/marcxml/schema/MARC21slim.xsd"
    xmlns="http://www.loc.gov/MARC21/slim">

  <leader>01454nam a22001697a 4500</leader>
  <controlfield tag="005">20260618093940.0</controlfield>
  <controlfield tag="008">260618b        |||||||| |||| 00| 0 spa d</controlfield>
  <datafield tag="040" ind1=" " ind2=" ">
    <subfield code="a">Instituto Dominicano de Evaluaci&#xF3;n e Investigaci&#xF3;n de la Calidad Educativa</subfield>
    <subfield code="c">IDEICE</subfield>
  </datafield>
  <datafield tag="245" ind1=" " ind2=" ">
    <subfield code="a">Primer estudio exploratorio de la campa&#xF1;a "Vapear no es un juego"</subfield>
    <subfield code="c">IDEICE</subfield>
  </datafield>
  <datafield tag="260" ind1=" " ind2=" ">
    <subfield code="a">Santo Domingo, Rep&#xFA;blica Dominicana </subfield>
    <subfield code="b">IDEICE</subfield>
    <subfield code="c">2026</subfield>
  </datafield>
  <datafield tag="300" ind1=" " ind2=" ">
    <subfield code="c">24p</subfield>
  </datafield>
  <datafield tag="505" ind1=" " ind2=" ">
    <subfield code="a">El presente estudio exploratorio surge en el marco de la campa&#xF1;a "Vapear no es jugar" del Consejo Nacional de Drogas, con el objetivo de comprender de manera preliminar los patrones de uso de los vapeos y los efectos socioculturales negativos asociados en Rep&#xFA;blica Dominicana. A partir del an&#xE1;lisis de datos procedentes de distintas fuentes, se identificaron diferencias significativas en la frecuencia del vapeo, la presencia de conductas compulsivas y la aparici&#xF3;n de consecuencias adversas para la salud (Abouzoor &amp; Al-Hamdan, 2025). Factores como la regulaci&#xF3;n vigente, el antecedente de uso de tabaco y el g&#xE9;nero influyen de manera notable en estas variaciones, revelando que los riesgos pueden intensificarse seg&#xFA;n el entorno y las caracter&#xED;sticas personales.</subfield>
  </datafield>
  <datafield tag="650" ind1=" " ind2=" ">
    <subfield code="a">Ciencias de la salud -- Investigaciones.</subfield>
  </datafield>
  <datafield tag="710" ind1=" " ind2=" ">
    <subfield code="a">IDEICE</subfield>
  </datafield>
  <datafield tag="856" ind1=" " ind2=" ">
    <subfield code="u">https://ideice.gob.do/documentacion/publicaciones-id-228-primer-estudio-exploratorio-de-la-campana-vapear-no-es-un-juego-</subfield>
  </datafield>
  <datafield tag="942" ind1=" " ind2=" ">
    <subfield code="2">ddc</subfield>
    <subfield code="c">FOL</subfield>
    <subfield code="n">0</subfield>
  </datafield>
  <datafield tag="999" ind1=" " ind2=" ">
    <subfield code="c">14664</subfield>
    <subfield code="d">14664</subfield>
  </datafield>
  <datafield tag="952" ind1=" " ind2=" ">
    <subfield code="0">0</subfield>
    <subfield code="1">0</subfield>
    <subfield code="2">ddc</subfield>
    <subfield code="4">0</subfield>
    <subfield code="7">0</subfield>
    <subfield code="a">RI</subfield>
    <subfield code="b">RI</subfield>
    <subfield code="d">2026-06-18</subfield>
    <subfield code="l">0</subfield>
    <subfield code="r">2026-06-18 09:39:27</subfield>
    <subfield code="u">https://ideice.gob.do/documentacion/publicaciones-id-228-primer-estudio-exploratorio-de-la-campana-vapear-no-es-un-juego-</subfield>
    <subfield code="w">2026-06-18</subfield>
    <subfield code="y">FOL</subfield>
  </datafield>
</record>
